000 00821nab a2200241 u 4500
001 19585
003 HDC
007 cr bn ---aaaaa
008 210302c mydr|noo 0 a eng d
040 _aHDC
100 _aLee, Yu Tang
_eauthor
_917983
245 0 _aHalal cert opens new opportunities for Hai San Ice /
_cby Lee Yu Tang
260 _a[No place] :
_b[publisher not identified],
_c2007
336 _atext
_2rdacontent
337 _acomputer
_2rdamedia
338 _aonline resource
_2rdacarrier
650 _aFood Manufacturing
_96301
650 _aHalal industry
_9144
856 _zRequest full-text at [email protected]
942 _2lcc
942 _cNEWS
942 _kNWSO 008998
999 _c16901
_d16901